|
|
|
|
| LEADER |
00000nab a2200000 a 4500 |
| 001 |
vtls000007062 |
| 003 |
SK-MaSNL |
| 005 |
20260304035032.0 |
| 008 |
111103c1978 xo 0 slo |
| 015 |
|
|
|a SNBRB19rr/mm-uuuuu
|
| 035 |
|
|
|a CL0017155
|
| 040 |
|
|
|a SNKBUCL
|b slo
|c SNKBUCL
|e AACR2
|
| 041 |
0 |
|
|a slo
|
| 044 |
|
|
|a xo
|c SK
|
| 080 |
|
|
|a 75
|2 1981
|
| 080 |
|
|
|a 92 Hynková, Lída
|2 1981
|
| 100 |
1 |
|
|a Závodská, Vlasta
|4 aut
|9 1001712
|
| 245 |
1 |
0 |
|a S lanom a štetcom
|b Zaujímavá výstava akademickej maliarky dr. Lídy Hynkovej
|c Vlasta Závodská
|
| 300 |
|
|
|b Obr. 1.
|
| 650 |
0 |
7 |
|a Hynková, Lída, 1908-1988
|2 snkbucl
|9 937893
|
| 650 |
0 |
7 |
|a umelecké výstavy
|2 snkbucl
|9 89689
|
| 650 |
0 |
7 |
|a Tatranská galéria (Starý Smokovec, Slovensko)
|2 snkbucl
|9 1318513
|
| 651 |
|
7 |
|a 5406
|2 snkbucl
|9 276477
|
| 655 |
|
7 |
|a články z novín a časopisov
|2 snkbucl
|9 267496
|
| 773 |
0 |
|
|t Šport
|g Roč. 30, č. 203 (29. 8. 1978), s. 7
|
| 850 |
|
|
|a Slovenská národná knižnica v Martine
|a MTA001
|
| 852 |
|
|
|a SNK
|b KIS3GCP
|
| 958 |
|
|
|a RK
|
| 992 |
|
|
|a RBX
|
| 999 |
|
|
|c 2655949
|d 2657879
|